000 00456nmm a2200157Ia 4500
008 251105s9999||||xx |||||||||||||||||und||
020 _a9788496831032
041 _aspa
100 _aMartínez, Josebe
245 0 _aExiliadas: Escritoras, Guerra civil y memoria
264 _a[Madrid, España] :
_bMontesinos,
_c2007
300 _a241 páginas
650 _aSpanish literature
856 _uhttps://public.digitaliapublishing.com/a/60057
942 _cCF
999 _c90119
_d90119